Представление документа в формате RUSMARC

ПолеНазваниеЗначение
  Тип записи a
  Библиографический уровень a
001 Контрольный номер RU/CBS_UL/BASE/084cd9063a1a44ed8fdcd15144094d08
005 Дата корректировки 20230130111429.1
100 Данные общей обработки __
a Данные общей обработки 20230130 ||| 0rusy0189 ca
101 Язык документа 0_
a Язык текста rus
102 Страна публикации __
a Страна публикации RU
200 Заглавие и сведения об ответственности 1_
a Заглавие Методические рекомендации по реализации некоторых задач экологического воспитания учителем-дефектологом в группе для детей с ТНР
e Сведения, относящиеся к заглавию [воспитание и обучение детей с тяжёлыми нарушениями речи]
f Первые сведения об ответственности Т. С. Телепень
300 Общие примечания __
a Общие примечания 0+
461 Уровень набора _0
1 2000
a Дошкольная педагогика
463 Уровень физической единицы _0
1 2000
a № 8
v С. 31-33
1 2101
d 2022
1 001RU/CBS_UL/BASE/0dacfbf2049643bebbcffd208ec3bfa4
606 Тематические рубрики 0_
a Основная рубрика Дефектология. Коррекционная педагогика
610 Ключевые слова 0_
a Ключевые слова методические рекомендации
610 Ключевые слова 0_
a Ключевые слова экологическое воспитание детей
610 Ключевые слова 0_
a Ключевые слова дефектология
610 Ключевые слова 0_
a Ключевые слова дети с ТНР
610 Ключевые слова 0_
a Ключевые слова речевые нарушения
686 Индексы других классификаций __
a Классификационный индекс 74.3
2 Код системы ББК
700 Автор _1
a Фамилия Телепень
b Имя (инициалы) Т. С.
801 Источник записи _0
a Страна RU
b Организация МБУК ЦБС г. Ульяновска
c Дата составления 20230130
g Правила каталогизации RCR
801 Источник записи _1
a Страна RU
b Организация МБУК ЦБС г. Ульяновска
c Дата составления 20230130
g Правила каталогизации RCR
901 Тип документа __
t Тип документа b
w Контрольный № источника RU/CBS_UL/BASE/0dacfbf2049643bebbcffd208ec3bfa4